00210 a2200109 4500001000700000020000600007040001100013100000600024240003300030245002800063362000900091164233 a  cMagnum a-10aO concerto das galinhaslpor10aO concerto das galinhas0 a1899